FROM BORDERS TO BOUNDARIES : (Record no. 27179)

000 -LEADER
fixed length control field 01555nam a22003617a 4500
003 - CONTROL NUMBER IDENTIFIER
control field OSt
005 - DATE AND TIME OF LATEST TRANSACTION
control field 20260330163858.0
008 - FIXED-LENGTH DATA ELEMENTS--GENERAL INFORMATION
fixed length control field 260330b ||||| |||| 00| 0 eng d
020 ## - INTERNATIONAL STANDARD BOOK NUMBER
International Standard Book Number 9789834258474
Qualifying information hardback
040 ## - CATALOGING SOURCE
Original cataloging agency JMG
Language of cataloging eng
Transcribing agency JMG
Description conventions rda
082 04 - DEWEY DECIMAL CLASSIFICATION NUMBER
Classification number 354.3409595
Edition number 23
245 00 - TITLE STATEMENT
Title FROM BORDERS TO BOUNDARIES :
Remainder of title The JUPEM Story /
Statement of responsibility, etc. Editors SR BERNARD SIA SIEW FANG, SR ENGKU MOHD ADLIN BIN ENGKU HABIB, SR HJ. KAMARUL AZAM BIN KAMARUL BAHARIN, SR SIM CHING YEN, SR NAWI BINTI ABDULLAH, SR MOHAMAD FUAD BIN KAHAR, MOHD RIDWAN BIN LATIF, MOHD HAFIZ BIN MAT ARIPIN, HASNAN BIN HUSSIN
264 ## - PRODUCTION, PUBLICATION, DISTRIBUTION, MANUFACTURE, AND COPYRIGHT NOTICE
Place of production, publication, distribution, manufacture KUALA LUMPUR :
Name of producer, publisher, distributor, manufacturer Jabatan Ukur dan Pemetaan Malaysia,
Date of production, publication, distribution, manufacture, or copyright notice 2017
300 ## - PHYSICAL DESCRIPTION
Extent 81 pages :
Other physical details colour photographs ;
Dimensions 26 cm
336 ## - CONTENT TYPE
Content type term text
Source rdacontent
336 ## - CONTENT TYPE
Content type term still image
Source rdacontent
337 ## - MEDIA TYPE
Media type term unmediated
Source rdamedia
338 ## - CARRIER TYPE
Carrier type term volume
Source rdacarrier
610 14 - SUBJECT ADDED ENTRY--CORPORATE NAME
Corporate name or jurisdiction name as entry element Malaysia.
Subordinate unit Jabatan Ukur dan Pemetaan
650 10 - SUBJECT ADDED ENTRY--TOPICAL TERM
Topical term or geographic name entry element Cartography
Geographic subdivision Malaysia
650 20 - SUBJECT ADDED ENTRY--TOPICAL TERM
Topical term or geographic name entry element Surveying
Geographic subdivision Malaysia
650 20 - SUBJECT ADDED ENTRY--TOPICAL TERM
Topical term or geographic name entry element Government publications
Geographic subdivision Malaysia
700 1# - ADDED ENTRY--PERSONAL NAME
Personal name Sia, Bernard, Siew Fang,
Relator term editor.
700 0# - ADDED ENTRY--PERSONAL NAME
Personal name Engku Mohd. Adlin Engku Habib,
Relator term editor.
700 0# - ADDED ENTRY--PERSONAL NAME
Personal name Kamarul Azam Kamarul Baharin,
Relator term editor.
700 1# - ADDED ENTRY--PERSONAL NAME
Personal name Sim, Ching Yen,
Relator term editor.
700 0# - ADDED ENTRY--PERSONAL NAME
Personal name Nawi Abdullah,
Relator term editor.
700 0# - ADDED ENTRY--PERSONAL NAME
Personal name Mohamad Fuad Kahar,
Relator term editor.
700 0# - ADDED ENTRY--PERSONAL NAME
Personal name Mohd. Ridwan Latif,
Relator term editor.
700 0# - ADDED ENTRY--PERSONAL NAME
Personal name Mohd. Hafiz Mat Aripin,
Relator term editor.
700 0# - ADDED ENTRY--PERSONAL NAME
Personal name Hasnan Hussin,
Relator term editor.
942 ## - ADDED ENTRY ELEMENTS (KOHA)
Source of classification or shelving scheme
Koha item type Books
Edition 23
Classification part 354.3409595
Holdings
Withdrawn status Lost status Source of classification or shelving scheme Damaged status Not for loan Collection code Permanent Location Current Location Date acquired Total Checkouts Full call number Date last seen Price effective from Koha item type
Available         Open Shelf JMG IBUPEJABAT JMG IBUPEJABAT 30/03/2026   354.3409595 FRO 30/03/2026 30/03/2026 Books